| 000 | 00553nam a22002051a 4500 | ||
|---|---|---|---|
| 001 | 3659 | ||
| 003 | OSt | ||
| 005 | 20260204211858.0 | ||
| 008 | 050117s2003||||sp ||||||b||||||||||spa|| | ||
| 020 | _a8497321790 | ||
| 050 | _a650 W671r | ||
| 082 | _a650 W671r | ||
| 100 | _aWilliams, Richard S. | ||
| 245 | _aRendimiento del personal: diseño, implementación y gestión / Richard S. Williams | ||
| 264 | _aEspaña : Thomson | ||
| 300 | _a245 p | ||
| 500 | _aIncluye indice | ||
| 650 | _a1.Negocio 2.Administración de PersonalÌ | ||
| 942 |
_2ddc _cBK |
||
| 999 |
_c3659 _d3659 |
||